<?xml version="1.0" encoding="UTF-8"?><?xml-stylesheet type="text/xsl" href="static/style.xsl"?><OAI-PMH xmlns="http://www.openarchives.org/OAI/2.0/" xmlns:xsi="http://www.w3.org/2001/XMLSchema-instance" xsi:schemaLocation="http://www.openarchives.org/OAI/2.0/ http://www.openarchives.org/OAI/2.0/OAI-PMH.xsd"><responseDate>2026-06-01T14:48:17Z</responseDate><request verb="GetRecord" identifier="oai:riuma.uma.es:10630/19262" metadataPrefix="marc">https://riuma.uma.es/rest/oai/request</request><GetRecord><record><header><identifier>oai:riuma.uma.es:10630/19262</identifier><datestamp>2026-02-03T10:19:30Z</datestamp><setSpec>com_10630_1685</setSpec><setSpec>col_10630_38055</setSpec></header><metadata><record xmlns="http://www.loc.gov/MARC21/slim" xmlns:dcterms="http://purl.org/dc/terms/" xmlns:doc="http://www.lyncode.com/xoai" xmlns:xsi="http://www.w3.org/2001/XMLSchema-instance" xsi:schemaLocation="http://www.loc.gov/MARC21/slim http://www.loc.gov/standards/marcxml/schema/MARC21slim.xsd">
   <leader>00925njm 22002777a 4500</leader>
   <datafield ind2=" " ind1=" " tag="042">
      <subfield code="a">dc</subfield>
   </datafield>
   <datafield ind2=" " ind1=" " tag="720">
      <subfield code="a">Rubio Mira, María Luz</subfield>
      <subfield code="e">author</subfield>
   </datafield>
   <datafield ind2=" " ind1=" " tag="260">
      <subfield code="c">2020-02-11</subfield>
   </datafield>
   <datafield ind2=" " ind1=" " tag="520">
      <subfield code="a">En esta memoria se muestra una propuesta escultórica titulada Fracture, en la cual se trabaja con la representación del fragmento,&#xd;
mediante materiales propios de la construcción. Una metáfora sobre la imposibilidad de la memoria humana para construir el recuerdo,&#xd;
que se presenta desde una construcción aséptica desvinculada de cualquier referencia espacio - temporal, un aparente desorden&#xd;
estructurado donde la emoción como elemento orgánico se convierte en artificial.&#xd;
Se establece un recorrido por distintos apartados, donde aparecen los trabajos anteriores que avalan el proyecto actual, así como las&#xd;
referencias formales y conceptuales en las que se ha apoyado, junto con la bibliografía y un cronograma que muestra la temporalidad&#xd;
del trabajo llevado a cabo.&#xd;
Se escoge el título Fracture, como sugerencia de lo que se va a encontrar a continuación. La fractura en este proceso, supone un leit&#xd;
motiv, donde se traduce la construcción de la memoria episódica en un continuo despiece , convertidos los recuerdos en fragmentos de&#xd;
una construcción inicial. Este proyecto supone la recomposición de recuerdos y vivencias personales, piezas fracturadas que&#xd;
componen una vida.</subfield>
   </datafield>
   <datafield ind1="8" ind2=" " tag="024">
      <subfield code="a">https://hdl.handle.net/10630/19262</subfield>
   </datafield>
   <datafield tag="653" ind2=" " ind1=" ">
      <subfield code="a">Bellas Artes - Trabajos Fin de Grado</subfield>
   </datafield>
   <datafield tag="653" ind2=" " ind1=" ">
      <subfield code="a">Grado en Bellas Artes - Trabajos Fin de Grado</subfield>
   </datafield>
   <datafield tag="653" ind2=" " ind1=" ">
      <subfield code="a">Arte</subfield>
   </datafield>
   <datafield tag="653" ind2=" " ind1=" ">
      <subfield code="a">Memoria - En el arte</subfield>
   </datafield>
   <datafield tag="653" ind2=" " ind1=" ">
      <subfield code="a">Espacio y tiempo en el arte</subfield>
   </datafield>
   <datafield tag="653" ind2=" " ind1=" ">
      <subfield code="a">Escultura</subfield>
   </datafield>
   <datafield ind2="0" ind1="0" tag="245">
      <subfield code="a">Fracture</subfield>
   </datafield>
</record>
</metadata></record></GetRecord></OAI-PMH>